000 02471nab a2200325 a 4500
005 20210219162231.0
008 991125s1985 mx 000 0 spa u
035 _aUPN01000200301
049 _aART-E
100 1 _aTarí Guilló, Juan José
100 1 _ujj.tari@ua.es
100 1 _aGarcía Fernández, Mariano
100 1 _umgarcia.fernandez@ua.es
222 _aCUADERNOS DE GESTION
245 _a¿Puede la gestión del conocimiento influir en los resultados empresariales?
260 _aEspaña
300 _a151-176
362 0 _a2013 Vol. 13, no. 1
520 3 _aEl objetivo de este artículo es analizar la influencia de la gestión del conocimiento en los resultados empresariales. En primer lugar, se ha realizado una revisión de la literatura, que ha permitido establecer las dimensiones más comunes de la gestión del conocimiento y de los resultados, para su posterior medición. Se han tomado como dimensiones de la gestión del conocimiento: la creación; el almacenamiento y la transferencia; y la aplicación y uso del conocimiento. La adquisición de información, la diseminación de ésta y la interpretación compartida se han utilizado como medidas para la creación de conocimiento. Asimismo, se han utilizado como medidas de la aplicación y uso del conocimiento, el empowerment, el trabajo en equipo y el compromiso con el conocimiento. Como dimensiones de los resultados se han utilizado resultados operativos, financieros y de innovación. La metodología utilizada se basa en el estudio del caso, a través de datos primarios y secundarios. Los resultados obtenidos muestran que la gestión del conocimiento influye en los resultados tanto operativos, como financieros y de innovación. De este modo, las empresas analizadas que tienen un mayor grado de gestión del conocimiento, a través del trabajo en equipo, incremento del empowerment, flexibilización en la toma de decisiones y una visión global de la empresa, entre otras prácticas, obtienen mayores resultados, tanto operativos, como financieros y de innovación.
653 0 _aGESTION DEL CONOCIMIENTO
653 0 _aAPRENDIZAJE ORGANIZACIONAL
653 0 _aCONOCIMIENTO ORGANIZACIONAL
653 0 _aINNOVACION
856 4 _uhttp://www.ehu.es/cuadernosdegestion/documentos/100263jt.pdf
905 _aArticulo
336 _atexto$2rdacontent
337 _acomputadora$2rdamedia
338 _arecurso en linea$2rdacarrier
999 _c172402
_d172402